[Event "Tourn. n9283"]
[Site "www.chess-mail.com"]
[Date "2017.03.27"]
[Round "1"]
[White "Hundegana"]
[Black "Genius7"]
[WhiteElo "2060"]
[BlackElo "2000"]
[Result "1-0"]
[Round "1"]
1.f4 d5
2.g3 Ng8f6
3.Bf1g2 c6
4.b4 e6
5.a3 Bf8e7
6.Bc1b2 O-O
7.h3 Nb8d7
8.Nb1c3 a5
9.b5 c5
10.a4 b6
11.Ng1f3  { time }
1-0

[Event "Tourn. n9279"]
[Site "www.chess-mail.com"]
[Date "2017.03.27"]
[Round "1"]
[White "Scasan55"]
[Black "Gambitplayer"]
[WhiteElo "1870"]
[BlackElo "1800"]
[Result "1-0"]
[Round "1"]
1.e4 Ng8f6
2.Nb1c3 e5
3.a3 Nb8c6
4.d3 d6
5.Bc1g5 Bf8e7
6.Ng1f3 O-O
7.Bf1e2 a6
8.O-O h6
9.Bg5xf6 Be7xf6
10.h3 Bc8e6
11.Nf3h2 Nc6d4
12.f4 Nd4xe2
13.Qd1xe2  { time }
1-0

[Event "Tourn. n9234"]
[Site "www.chess-mail.com"]
[Date "2017.03.27"]
[Round "1"]
[White "Piriot"]
[Black "Sachpat"]
[WhiteElo "2360"]
[BlackElo "2640"]
[Result "0-1"]
[Round "1"]
1.Ng1f3 Ng8f6
2.d4 e6
3.c4 b6
4.Nb1c3 Bc8b7
5.a3 d5
6.Bc1g5 Bf8e7
7.e3 O-O
8.cxd5 Nf6xd5
9.Bg5xe7 Qd8xe7
10.Ra1c1 Rf8c8
11.Nc3xd5 exd5
12.Bf1d3 c5
13.dxc5 bxc5
14.O-O g6
15.Qd1a4 Nb8d7
16.Qa4f4 a5
17.Rf1d1 Bb7c6
18.h4 Ra8b8
19.Rd1d2 Rb8b6
20.h5 c4
21.hxg6 hxg6
22.Bd3f1 Nd7c5
23.Rc1c2 Bc6b7
24.Qf4d4 Rb6f6
25.Rd2d1 Bb7c6
26.Qd4g4 Rc8e8
27.Qg4h4 Nc5e4
28.Nf3g5 Ne4xg5
29.Qh4xg5 Bc6a4
{ resign }
0-1

[Event "Tourn. n9204"]
[Site "www.chess-mail.com"]
[Date "2017.03.27"]
[Round "1"]
[White "Greghghs"]
[Black "Sandokam"]
[WhiteElo "2430"]
[BlackElo "2300"]
[Result "1/2-1/2"]
[Round "1"]
1.d4 d5
2.c4 Ng8f6
3.cxd5 Nf6xd5
4.e4 Nd5f6
5.Bf1d3 c6
6.Ng1f3 Bc8g4
7.Nb1d2 Nb8d7
8.Qd1c2 e6
9.O-O c5
10.h3 Bg4xf3
11.Nd2xf3 cxd4
12.Nf3xd4 Bf8e7
13.Bc1e3 O-O
14.Rf1d1 Ra8c8
15.Qc2e2 Nd7e5
16.Bd3c2 Qd8a5
17.Bc2b3 Kh8
18.Ra1c1 Rc8xc1
19.Rd1xc1 Rf8d8
20.f4 Ne5d7
21.e5 Nf6d5
22.Bb3xd5 Qa5xd5
23.Qe2f3 Nd7c5
24.Qf3xd5 Rd8xd5
25.b4 Nc5d7
26.Rc1c8 Nd7f8
27.a3 Kg8
28.Rc8b8 { draw }
1/2-1/2

[Event "Tourn. n9283"]
[Site "www.chess-mail.com"]
[Date "2017.03.27"]
[Round "1"]
[White "Genius7"]
[Black "Xkafi"]
[WhiteElo "2000"]
[BlackElo "2010"]
[Result "0-1"]
[Round "1"]
1.d4 d5
2.c4 dxc4
3.e4 Nb8c6
4.d5 Nc6e5
5.Bf1xc4 Bc8d7
6.Bc4e2 e6
7.Ng1f3 Ne5xf3
8.Be2xf3 exd5
9.exd5 Bd7b5
10.Nb1c3 Bb5a6
11.Bf3e2 Ng8f6
 { time }
0-1

[Event "Tourn. n9278"]
[Site "www.chess-mail.com"]
[Date "2017.03.27"]
[Round "1"]
[White "Guzenko"]
[Black "Luban"]
[WhiteElo "2000"]
[BlackElo "2220"]
[Result "0-1"]
[Round "1"]
1.e4 c5
2.Bf1c4 e6
3.d4 cxd4
4.Qd1xd4 Nb8c6
5.Qd4d1 d6
6.Nb1c3 h6
7.Ng1f3 Ng8f6
8.Bc1e3 a6
9.a3 b5
10.Bc4a2 Bc8b7
11.O-O Bf8e7
12.Qd1e2 O-O
13.h3 Ra8c8
 { time }
0-1

[Event "Tourn. n9281"]
[Site "www.chess-mail.com"]
[Date "2017.03.27"]
[Round "1"]
[White "Autmich"]
[Black "Llcervello"]
[WhiteElo "1710"]
[BlackElo "1580"]
[Result "1-0"]
[Round "1"]
1.e4 e5
2.Ng1f3 f6
3.Nf3xe5 g6
4.Ne5f3 g5
5.Nf3xg5 Bf8h6
6.Qd1h5 Ke7
7.Qh5f7 Kd6
8.Qf7d5 Ke7
9.Ng5f7 c6
10.Qd5b3 Qd8e8
11.Nf7xh8 Kf8
12.Nh8f7 Qe8xe4
13.Kd1 d5
14.Nf7xh6 Ng8xh6
15.Qb3e3 Bc8g4
16.f3 Nh6f5
17.Qe3xe4 dxe4
18.fxg4 Nf5d6
19.d3 Nb8d7
20.Bc1f4 Ke7
21.Nb1c3 Nd7c5
22.Bf4xd6 Kxd6
23.Nc3xe4 Nc5xe4
24.dxe4 Ra8e8
25.Bf1d3 Kc7
26.Kd2 Re8e5
27.Rh1f1 Re5e6
28.Rf1f5 Kd7
29.Rf5h5 Re6e7
30.Ra1f1 Re7f7
31.Rh5h6 Ke7
32.Bd3c4 Rf7g7
33.h3 b5
34.Bc4b3 a5
35.Rf1xf6 a4
36.Bb3e6 Kd6
37.Be6f5 { resign }
1-0

[Event "Tourn. n9273"]
[Site "www.chess-mail.com"]
[Date "2017.03.27"]
[Round "1"]
[White "Cal"]
[Black "Autmich"]
[WhiteElo "1590"]
[BlackElo "1690"]
[Result "0-1"]
[Round "1"]
1.c4 Ng8f6
2.Nb1c3 g6
3.e4 e5
4.a3 Bf8g7
5.d3 c6
6.Ng1f3 d6
7.b4 O-O
8.Bc1g5 h6
9.Bg5h4 Bc8g4
10.Bf1e2 Nb8d7
11.Nf3d2 Bg4xe2
12.Nc3xe2 Qd8c7
13.O-O a5
14.b5 Rf8c8
15.Nd2f3 a4
16.Ne2c3 Nd7c5
17.Bh4xf6 Bg7xf6
18.h3 Qc7a5
19.Nf3h2 Qa5xc3
20.f4 Qc3xd3
21.Qd1g4 Qd3xe4
22.Qg4d1 exf4
23.Nh2g4 Bf6xa1
24.Ng4xh6 Kg7
25.Qd1xa1 Kxh6
26.bxc6 bxc6
27.Rf1f3 Qe4xc4
28.h4 Rc8e8
29.Kh2 Re8e3
30.Qa1f6 Re3xf3
31.Qf6g5 Kg7
32.h5 Rf3g3
33.h6 Kh7
34.Qg5e7 Qc4a2
35.Qe7xd6 Qa2xg2
{ resign }
0-1

[Event "Tourn. n9213"]
[Site "www.chess-mail.com"]
[Date "2017.03.27"]
[Round "1"]
[White "Osopanda"]
[Black "Paulsyd"]
[WhiteElo "2040"]
[BlackElo "1839"]
[Result "0-1"]
[Round "1"]
1.d4 Ng8f6
2.c4 c5
3.Ng1f3 cxd4
4.Nf3xd4 e5
5.Nd4c2 d5
6.cxd5 Qd8xd5
7.Nb1c3 Qd5xd1
8.Kxd1 Bf8c5
9.e3 O-O
10.Bf1b5 Rf8d8
11.Ke2 Bc8f5
12.Bb5a4 Nb8c6
13.Bc1d2 Bf5d3
14.Ke1 Rd8d6
15.Ra1c1 Ra8d8
16.b4 Bc5b6
17.b5 Nc6e7
18.Nc2b4 Bd3e4
19.Nc3xe4 Nf6xe4
20.Bd2c3 Bb6a5
21.Nb4d5 Ne4xc3
22.Nd5xc3 Ne7d5
23.Ke2 Nd5xc3
24.Kf3 Nc3xa4
25.Rc1c4 Na4b2
26.Rc4c2 Nb2d3
27.Rh1b1 Nd3e1
28.Rb1xe1 Ba5xe1
{ resign }
0-1

[Event "Tourn. n9265"]
[Site "www.chess-mail.com"]
[Date "2017.03.27"]
[Round "1"]
[White "Cal"]
[Black "Vasylpuzanov"]
[WhiteElo "1610"]
[BlackElo "1700"]
[Result "1-0"]
[Round "1"]
1.Nb1c3 Nb8c6
2.e4 e5
3.a3 Bf8c5
4.b4 Bc5d4
5.Bc1b2 a6
6.d3 d6
7.h3 Bc8e6
8.Ng1f3 Bd4a7
9.Bf1e2 Nc6d4
10.Nf3xd4 Ba7xd4
11.O-O Ng8f6
12.Nc3a4 Bd4xb2
13.Na4xb2 h6
14.f4 exf4
15.Rf1xf4 Qd8d7
16.c4 O-O
{ time. }
1-0

[Event "Tourn. n9283"]
[Site "www.chess-mail.com"]
[Date "2017.03.27"]
[Round "1"]
[White "Genius7"]
[Black "Luban"]
[WhiteElo "2000"]
[BlackElo "2220"]
[Result "0-1"]
[Round "1"]
1.d4 d5
2.c4 dxc4
3.e4 e6
4.Bf1xc4 Bf8b4
5.Nb1c3 Bc8d7
6.Ng1e2 h6
7.a3 Bb4xc3
8.Ne2xc3 a6
9.O-O b5
10.Bc4b3 c6
11.d5 cxd5
12.exd5 exd5
13.Bb3xd5 Nb8c6
 { time }
0-1

[Event "Tourn. n9261"]
[Site "www.chess-mail.com"]
[Date "2017.03.27"]
[Round "1"]
[White "Genius3"]
[Black "Mihaiiorga"]
[WhiteElo "1900"]
[BlackElo "1879"]
[Result "0-1"]
[Round "1"]
1.d4 d6
2.e4 Ng8f6
3.Nb1c3 Nb8d7
4.Bf1e2 e5
5.Ng1f3 Bf8e7
6.dxe5 dxe5
7.O-O O-O
8.Be2d3 b6
9.Bc1e3 Bc8b7
 { time }
0-1

[Event "Tourn. n9200"]
[Site "www.chess-mail.com"]
[Date "2017.03.27"]
[Round "1"]
[White "Crull"]
[Black "Genius9"]
[WhiteElo "1820"]
[BlackElo "1720"]
[Result "1-0"]
[Round "1"]
1.d4 c5
2.c4 cxd4
3.Qd1xd4 Nb8c6
4.Qd4d1 d6
5.Ng1f3 Ng8f6
6.Nb1c3 g6
7.Bc1g5 Bf8g7
8.e3 O-O
9.Bf1d3 Bc8g4
10.O-O h6
11.Bg5xf6 Bg7xf6
12.Bd3e2 Bf6g7
13.Nf3d4 Bg4xe2
14.Nd4xe2 a6
15.Qd1b3 Qd8d7
16.Ra1d1 Nc6e5
17.Nc3e4 Kh8
18.Ne4c5 Qd7c6
19.Nc5a4 Qc6xc4
20.Qb3xc4 Ne5xc4
21.b3 Nc4e5
22.Na4b6 Ra8d8
23.Ne2f4 e6
24.h3  { time }
1-0

[Event "Tourn. n9266"]
[Site "www.chess-mail.com"]
[Date "2017.03.27"]
[Round "1"]
[White "Julian"]
[Black "Mrynmryn"]
[WhiteElo "2010"]
[BlackElo "2090"]
[Result "1-0"]
[Round "1"]
1.e4 e5
2.Ng1f3 Ng8f6
3.Nb1c3 Nb8c6
4.Bf1b5 a6
5.Bb5a4 b5
6.Ba4b3 d6
7.O-O Bc8b7
8.d4 exd4
9.Nf3xd4 Bf8e7
10.Nd4f5  { time }
1-0

[Event "Tourn. n9252"]
[Site "www.chess-mail.com"]
[Date "2017.03.27"]
[Round "1"]
[White "Nimzo"]
[Black "Ingauno64"]
[WhiteElo "2690"]
[BlackElo "2660"]
[Result "1-0"]
[Round "1"]
1.d4 e6
2.c4 Bf8b4
3.Bc1d2 Bb4xd2
4.Qd1xd2 Ng8f6
5.Nb1c3 d6
6.g3 Nb8d7
7.Bf1g2 O-O
8.e4 e5
9.Ng1e2 c6
10.O-O Qd8e7
11.f4 c5
12.dxe5 dxe5
13.b3 Rf8e8
14.Nc3b5 Nd7b8
15.Ne2c3 Nb8c6
16.Nc3d5 Nf6xd5
17.exd5 Nc6d4
18.fxe5 Nd4xb5
19.cxb5 Ra8b8
20.d6 { resign }
1-0

[Event "Tourn. n9211"]
[Site "www.chess-mail.com"]
[Date "2017.03.27"]
[Round "1"]
[White "Greghghs"]
[Black "Tartan"]
[WhiteElo "2440"]
[BlackElo "2400"]
[Result "1/2-1/2"]
[Round "1"]
1.d4 d5
2.c4 c6
3.Nb1c3 Ng8f6
4.cxd5 cxd5
5.Bc1f4 Nb8c6
6.e3 a6
7.Bf1d3 Bc8g4
8.Ng1e2 e6
9.O-O Bf8e7
10.Ra1c1 Bg4xe2
11.Qd1xe2 O-O
12.Nc3a4 Be7d6
13.Bf4g5 h6
14.Bg5h4 Nc6b4
15.Bd3b1 Qd8e7
16.a3 Nb4c6
17.b4 g5
18.Bh4g3 Bd6xg3
19.fxg3 Nf6d7
20.g4 f6
21.Na4c5 { draw }
1/2-1/2

[Event "Tourn. n9281"]
[Site "www.chess-mail.com"]
[Date "2017.03.27"]
[Round "1"]
[White "Cal"]
[Black "Autmich"]
[WhiteElo "1570"]
[BlackElo "1700"]
[Result "0-1"]
[Round "1"]
1.Ng1f3 d5
2.d4 Nb8c6
3.h3 Ng8f6
4.Nb1c3 Bc8f5
5.e3 e6
6.a3 Bf8d6
7.Bf1b5 O-O
8.O-O a6
9.Bb5a4 b5
10.Ba4b3 Nc6a5
11.Nc3e2 Na5xb3
12.cxb3 c5
13.dxc5 Bd6xc5
14.b4 Bc5b6
15.Qd1d2 Qd8c7
16.Nf3d4 Bf5g6
17.Ne2f4 Nf6e4
18.Qd2e2 Bb6xd4
19.Nf4xg6 hxg6
20.exd4 Ra8c8
21.Qe2g4 Qc7c4
22.Bc1e3 Qc4b3
23.Qg4f4 Qb3xb2
24.f3 Ne4f6
25.h4 Rc8c2
26.Qf4g3 Nf6h5
27.Qg3g4 Rc2e2
28.Be3f2 Rf8c8
29.f4 Re2xf2
30.Qg4h3 Nh5xf4
31.Qh3g3 Rf2xg2
32.Qg3xg2 Qb2xg2
{ resign }
0-1

[Event "Tourn. n9258"]
[Site "www.chess-mail.com"]
[Date "2017.03.27"]
[Round "1"]
[White "Bojan"]
[Black "Hundegana"]
[WhiteElo "2000"]
[BlackElo "2050"]
[Result "0-1"]
[Round "1"]
1.e4 c5
2.d3 d6
3.f4 b6
4.b3 Bc8b7
5.h4 Nb8d7
6.Rh1h2 g6
7.Bc1b2 f6
8.h5 Bf8g7
9.g3 e5
10.hxg6 hxg6
11.Rh2xh8 Bg7xh8
12.Qd1g4 Ng8e7
13.Bf1h3 Nd7f8
14.Nb1d2 Bb7c8
15.Qg4f3 Bc8xh3
16.Ng1xh3 Qd8d7
17.Ke2 Bh8g7
18.Ra1h1 O-O-O
19.Nh3f2 Kc7
20.Nd2c4 Kb7
21.fxe5 dxe5
22.Nc4e3 a6
23.Nf2g4 Nf8e6
24.Kd2 Ne6g5
25.Qf3g2 Ka7
26.Ke2 a5
27.Ng4h6 Rd8h8
28.Nh6g4 Rh8xh1
29.Qg2xh1 Ne7c6
30.Ne3d5 Qd7xg4
31.Kd2 Qg4xg3
32.Kc3 Nc6d4
33.Qh1d1 b5
34.Bb2c1 Ng5xe4
35.Kb2 Ne4d6
36.Bc1d2 Qg3g2
37.Nd5e7 b4
38.c3 bxc3
39.Kxc3 Nd4f3
40.Bd2e3 Kb6
41.a3 Qg2g4
42.Qd1e2 Nd6b5
43.Kb2 f5
44.Ne7d5 Kc6
45.a4 Nb5d4
46.Nd5e7 Kd7
47.Be3xd4 cxd4
48.Ne7d5 e4
49.Nd5b6 Ke8
50.Nb6c4 Nf3e5
51.Qe2e1 Ne5xd3
{ resign }
0-1

[Event "Tourn. n9280"]
[Site "www.chess-mail.com"]
[Date "2017.03.27"]
[Round "1"]
[White "Gambitplayer"]
[Black "Nulladies"]
[WhiteElo "1800"]
[BlackElo "1800"]
[Result "0-1"]
[Round "1"]
1.e4 c5
2.Nb1c3 g6
3.Ng1f3 Bf8g7
4.d4 cxd4
5.Nf3xd4 Nb8c6
6.Bc1e3 Ng8f6
7.Bf1e2 O-O
8.O-O Rf8e8
9.Qd1d2 d5
 { time }
0-1

[Event "Match"]
[Site "www.echecsemail.com"]
[Date "2017.03.27"]
[Round "1"]
[White "Geodad5"]
[Black "Genius7"]
[WhiteElo "2180"]
[BlackElo "1960"]
[Result "1-0"]
[Round "1"]
1.e4 Ng8f6
2.e5 Nf6d5
3.c4 Nd5b6
4.d4 d6
5.f4 g6
6.Bf1e2 Bf8g7
7.exd6 exd6
8.d5 O-O
9.Ng1f3 Rf8e8
10.O-O Nb8a6
11.a3 Na6c5
12.Nb1d2 Bc8g4
13.Ra1b1 Nc5e4
14.Nd2xe4 Re8xe4
15.b3 Nb6d7
16.Be2d3  { time }
1-0

[Event "Match"]
[Site "www.echecsemail.com"]
[Date "2017.03.27"]
[Round "1"]
[White "Crull"]
[Black "Genius9"]
[WhiteElo "1820"]
[BlackElo "1610"]
[Result "1-0"]
[Round "1"]
1.d4 d5
2.c4 e6
3.a3 Ng8f6
4.Bc1g5 Bf8e7
5.Ng1f3 O-O
6.Nb1c3 c6
7.e3 Nb8d7
8.c5 b6
9.b4 a5
10.Qd1a4 Bc8b7
11.Bf1d3 axb4
12.Qa4xb4 b5
13.O-O h6
14.Bg5h4 Qd8a5
15.Qb4b3 Rf8e8
16.Nc3e2 Qa5a4
17.Qb3xa4 Ra8xa4
18.Bd3c2 Ra4a7
19.Ne2c3 Re8a8
20.a4 bxa4
21.Nc3xa4 Bb7a6
22.Na4b6 g5
23.Bh4g3 Ba6xf1
24.Ra1xf1 Nd7xb6
25.cxb6 Ra7b7
26.Bg3c7 Be7d8
27.Bc7e5 Nf6d7
28.Be5d6 Bd8xb6
29.h3 Nd7f6
30.Bd6e5 Nf6d7
31.Rf1b1 Nd7xe5
32.Nf3xe5 Ra8c8
33.Ne5g4  { time }
1-0

[Event "Match"]
[Site "www.echecsemail.com"]
[Date "2017.03.27"]
[Round "1"]
[White "Milkyway"]
[Black "Paco"]
[WhiteElo "1920"]
[BlackElo "1880"]
[Result "0-1"]
[Round "1"]
1.d4 d5
2.c4 Ng8f6
3.cxd5 Qd8xd5
4.Nb1c3 Qd5a5
5.Bc1d2 Qa5b6
6.e3 Qb6xb2
7.Ra1b1 Qb2a3
8.Ng1f3 Bc8g4
9.Bf1e2 Nb8c6
10.Rb1xb7 Ra8c8
11.Nc3b5 Qa3xa2
12.Rb7xc7 e5
13.Rc7xc8 Bg4xc8
14.O-O e4
15.Nf3e5 Nc6xe5
16.dxe5 Nf6d5
17.Bd2c1 Bf8e7
18.Qd1xd5 Qa2xe2
19.Nb5c7 Kf8
20.Qd5a8 g6
21.Qa8xc8 Kg7
22.Qc8d7 Be7g5
23.Nc7e6 Kh6
24.Ne6xg5 Kxg5
25.Qd7xf7 a5
 { time }
0-1

[Event "Match"]
[Site "www.echecsemail.com"]
[Date "2017.03.27"]
[Round "1"]
[White "Sennheiser"]
[Black "Canario"]
[WhiteElo "1809"]
[BlackElo "1840"]
[Result "1-0"]
[Round "1"]
1.f4 Nb8c6
2.Ng1f3 Ng8f6
3.b3 e5
4.fxe5 Nf6d5
5.Bc1b2 Bf8c5
6.e3 a6
7.Bf1e2 d6
8.O-O Bc8e6
9.Nf3d4 Qd8g5
10.Nd4xe6 fxe6
11.exd6 Bc5xd6
12.Be2h5 g6
13.Bb2xh8 gxh5
14.Qd1f3 O-O-O
15.Bh8b2 Rd8f8
16.Qf3e2 h4
17.Nb1c3 h3
18.Rf1xf8 Bd6xf8
19.Ra1f1 Bf8d6
20.Nc3xd5 exd5
21.Bb2c3 Nc6b4
22.Bc3xb4 Bd6xb4
23.c3 Bb4c5
24.Rf1f3 hxg2
25.Rf3g3 Qg5f5
26.Qe2g4 Qf5xg4
27.Rg3xg4 b6
28.Rg4g7 h6
29.Rg7h7 Bc5a3
30.d3 Ba3c1
31.Kxg2 Bc1xe3
32.Kf3 Be3g5
33.h4 Bg5d2
34.c4 d4
35.Ke4 Bd2e3
36.Kf5 c5
37.Kg6 Kd8
38.Rh7xh6 Be3xh6
39.Kxh6 Ke8
40.Kg7 b5
41.h5 Ke7
42.h6 { resign }
1-0

[Event "Match"]
[Site "www.echecsemail.com"]
[Date "2017.03.27"]
[Round "1"]
[White "Ssharp"]
[Black "Bojan"]
[WhiteElo "2230"]
[BlackElo "2030"]
[Result "1-0"]
[Round "1"]
1.e4 d6
2.d4 b6
3.c4 e6
4.Nb1c3 Bc8d7
5.f4 Qd8e7
6.Ng1f3 f5
7.e5 Bd7c6
8.Bf1e2 h6
9.O-O Nb8d7
10.d5 Bc6b7
11.Qd1a4 Kd8
12.Nf3d4 Qe7f7
13.dxe6 Qf7g6
14.Qa4xd7 { resign }
1-0

[Event "Match"]
[Site "www.echecsemail.com"]
[Date "2017.03.27"]
[Round "1"]
[White "Cal"]
[Black "Mechjoura"]
[WhiteElo "1560"]
[BlackElo "1809"]
[Result "1-0"]
[Round "1"]
1.c4 e5
2.e4 Bf8c5
3.Ng1f3 Qd8f6
4.h3 Nb8c6
5.a3 d6
6.Bf1e2 Nc6d4
7.b4 Nd4xf3
8.Be2xf3 Bc5d4
9.Ra1a2 Bc8e6
10.O-O Be6xc4
11.Qd1a4 b5
12.Qa4a5 Bd4b6
13.Qa5a6 Bc4xa2
14.Nb1c3 Ba2c4
15.Rf1e1 Ng8e7
16.Qa6b7 O-O
17.Qb7a6 c6
18.Qa6b7  { time }
1-0

[Event "Match"]
[Site "www.echecsemail.com"]
[Date "2017.03.27"]
[Round "1"]
[White "Mechjoura"]
[Black "Aiko1603"]
[WhiteElo "1809"]
[BlackElo "1990"]
[Result "0-1"]
[Round "1"]
1.g3 c5
2.c4 Nb8c6
3.e3 g6
4.d4 cxd4
5.exd4 d5
6.c5 Bf8g7
7.Ng1f3 Ng8f6
8.a3 O-O
9.b4 Bc8g4
10.Bc1b2 Qd8d7
11.Nb1d2 Qd7e6
12.Bf1e2 Nf6e4
13.Nd2xe4 Qe6xe4
14.O-O Bg4h3
15.Rf1e1 Qe4f5
16.Be2d3 Qf5d7
17.b5 Nc6d8
18.Re1e3 Bh3g4
19.Qd1e2 Bg4e6
20.Nf3g5 h6
 { time }
0-1

[Event "Match"]
[Site "www.echecsemail.com"]
[Date "2017.03.27"]
[Round "1"]
[White "Pdebonis"]
[Black "Numanoid"]
[WhiteElo "2209"]
[BlackElo "2420"]
[Result "1/2-1/2"]
[Round "1"]
1.d4 Ng8f6
2.Bc1g5 c5
3.e3 Qd8b6
4.Nb1c3 Qb6xb2
5.Ng1e2 cxd4
6.exd4 e6
7.Ra1b1 Qb2a3
8.Nc3b5 Qa3a5
9.Qd1d2 Qa5xd2
10.Bg5xd2 Kd8
11.Bd2f4 Nf6e8
12.d5 b6
13.g3 Bc8b7
14.Bf1g2 Bb7xd5
15.Bg2xd5 exd5
16.Ne2c3 d4
17.Nb5xd4 Nb8c6
18.Nd4xc6 dxc6
19.Nc3e4 Kc8
20.O-O Ne8c7
21.Rf1d1 Nc7d5
22.Bf4e5 f6
23.c4 Nd5c7
24.Be5d6 Nc7e6
25.Rb1b2 f5
26.Bd6xf8 Rh8xf8
27.Ne4d6 Kc7
28.Rb2e2 Rf8f6
29.Nd6xf5 { draw }
1/2-1/2

[Event "Match"]
[Site "www.echecsemail.com"]
[Date "2017.03.27"]
[Round "1"]
[White "Insearchof"]
[Black "Caspito"]
[WhiteElo "1499"]
[BlackElo "1920"]
[Result "1-0"]
[Round "1"]
1.e4 e5
2.Ng1f3 Nb8c6
3.Bf1b5 a6
4.Bb5a4 b5
5.Ba4b3 Ng8h6
6.O-O Bc8b7
7.c3 Bf8e7
8.d4 Nh6g4
9.h3 Ng4f6
10.dxe5 Nf6xe4
11.Qd1d5 Nc6xe5
12.Qd5xe5 O-O
13.Nb1d2 d5
14.Nd2xe4 dxe4
15.Nf3g5 Be7xg5
16.Bc1xg5 Qd8d6
17.Qe5xd6 cxd6
18.Bg5e7 Rf8e8
19.Be7xd6 Ra8d8
20.Ra1d1 g6
21.Rd1d4 e3
22.fxe3 Re8xe3
23.Bb3xf7 Kg7
24.Bd6e5 Kf8
25.Rd4xd8 { resign }
1-0

[Event "1/128 Finale"]
[Site "www.chess-mail.com"]
[Date "2017.03.27"]
[Round "1"]
[White "Julian"]
[Black "Hennie4820"]
[WhiteElo "2000"]
[BlackElo "2000"]
[Result "0-1"]
[Round "1"]
1.e4 c5
2.Ng1f3 e6
3.c3 Nb8c6
4.d4 cxd4
5.cxd4 d6
6.Nb1c3 Ng8f6
7.Bc1g5 Bf8e7
8.Bf1b5 O-O
9.O-O h6
10.Bg5h4 Nf6xe4
11.Bh4xe7 Ne4xc3
12.Be7xd8 Nc3xd1
13.Bd8c7 Nd1xb2
14.Bc7xd6 Rf8d8
15.Bd6a3 Nc6xd4
16.Nf3xd4 Rd8xd4
17.Ba3xb2 Rd4b4
18.Bb5d3 Rb4xb2
19.Ra1d1 g6
20.Bd3c4 b6
21.Rd1d8 Kg7
22.Rf1c1 Bc8b7
23.Rd8d7 Ra8b8
24.Bc4b3 Rb8c8
25.Rc1xc8 Rb2b1
26.Rd7d1 Rb1xd1
27.Bb3xd1 Bb7xc8
28.f4 Bc8b7
29.g3 Kf6
30.Bd1c2 a6
31.Kf2 Ke7
32.a3 Kd6
33.Ke3 Kc5
34.g4 Bb7d5
35.h4 Kc4
36.f5 exf5
37.gxf5 g5
38.hxg5 hxg5
39.f6 Kc3
40.Bc2d3 a5
41.Bd3e2 Bd5c4
42.Be2xc4 Kxc4
43.Ke4 b5
44.Kf5 g4
45.Kxg4 b4
46.axb4 axb4
{ resign }
0-1

[Event "Eq:SIETE ESTRELLAS VERDES-Equipo Juan Diaz : "]
[Site "www.chess-mail.com"]
[Date "2017.03.27"]
[Round "1"]
[White "Paco"]
[Black "Astigitana"]
[WhiteElo "1910"]
[BlackElo "2420"]
[Result "0-1"]
[Round "1"]
1.e4 c5
2.Bf1c4 e6
3.Ng1f3 d6
4.e5 dxe5
5.Nf3xe5 Ng8f6
6.Qd1f3 a6
7.O-O Bf8d6
8.Rf1e1 Bd6xe5
9.Re1xe5 Qd8d4
10.Qf3g3 O-O
11.Re5g5 g6
12.d3 b5
13.c3 Qd4d8
14.Bc4b3 Bc8b7
15.h4 c4
16.Bb3c2 cxd3
17.Bc2xd3 Bb7e4
18.Bd3e2 Be4xb1
19.Be2f3 Bb1e4
20.h5 Be4xf3
21.Qg3xf3 Nb8d7
22.hxg6 hxg6
23.Qf3h3 Kg7
24.Bc1e3 Rf8h8
25.Qh3f3 Nf6d5
26.Be3d2 Qd8c7
27.g3 Rh8h3
28.c4 Qc7xc4
29.b3 Qc4d4
30.Ra1d1 f6
31.Rg5xd5 Qd4xd5
32.Bd2h6 Rh3xh6
33.Rd1xd5 exd5
34.Qf3xd5 Ra8d8
35.Qd5b7 Rh6h8
36.Qb7xa6 g5
37.Qa6xb5 g4
38.a4 Nd7e5
39.b4 Rd8d1
40.Kg2 Rh8h2
 { time }
0-1

[Event "Tourn. n9240"]
[Site "www.chess-mail.com"]
[Date "2017.03.28"]
[Round "1"]
[White "Ozana"]
[Black "Pdebonis"]
[WhiteElo "2450"]
[BlackElo "2450"]
[Result "0-1"]
[Round "1"]
1.f4 d5
2.Ng1f3 g6
3.e3 Bf8g7
4.c4 d4
5.exd4 Bg7xd4
6.Nf3xd4 Qd8xd4
7.Nb1c3 Ng8f6
8.d3 Nb8c6
9.Nc3b5 Qd4d7
10.Bc1e3 O-O
11.Bf1e2 a6
12.Nb5c3 Nc6d4
13.O-O b6
14.Be2f3 Ra8b8
15.Be3f2 c5
16.Bf2h4 Rf8e8
17.Bh4xf6 exf6
18.Bf3d5 { time. }
0-1

[Event "Tourn. n9185"]
[Site "www.chess-mail.com"]
[Date "2017.03.28"]
[Round "1"]
[White "Conde7"]
[Black "Ejner"]
[WhiteElo "2890"]
[BlackElo "2400"]
[Result "1-0"]
[Round "1"]
1.e4 e6
2.d4 d5
3.Nb1d2 dxe4
4.Nd2xe4 Nb8d7
5.Ng1f3 Ng8f6
6.Ne4xf6 Nd7xf6
7.Bf1d3 c5
8.Bc1e3 Qd8c7
9.Qd1e2 a6
10.O-O b6
11.c4 Bf8e7
12.dxc5 bxc5
13.Be3d2 Bc8b7
14.Ra1d1 O-O
15.Nf3e5 Rf8d8
16.Bd2c3 g6
17.Rf1e1 Nf6h5
18.Bd3e4 Rd8xd1
19.Re1xd1 Ra8d8
20.Rd1xd8 Be7xd8
21.Qe2e3 Bb7xe4
22.Qe3xe4 Qc7d6
23.g3 Nh5f6
24.Qe4b7 Qd6c7
25.Qb7a8 { resign }
1-0

[Event "Tourn. n9283"]
[Site "www.chess-mail.com"]
[Date "2017.03.28"]
[Round "1"]
[White "Faerieking"]
[Black "Genius7"]
[WhiteElo "2200"]
[BlackElo "2000"]
[Result "1-0"]
[Round "1"]
1.e4 Ng8f6
2.e5 Nf6d5
3.d4 d6
4.c4 Nd5b6
5.f4 g6
6.Bc1e3 Bf8g7
7.Bf1e2 O-O
8.Ng1f3 Nb8c6
9.O-O dxe5
10.fxe5 Bc8g4
11.Nb1d2  { time }
1-0

[Event "Tourn. n9245"]
[Site "www.chess-mail.com"]
[Date "2017.03.28"]
[Round "1"]
[White "Picifarkinca"]
[Black "Genius7"]
[WhiteElo "1840"]
[BlackElo "1960"]
[Result "1-0"]
[Round "1"]
1.e4 d5
2.d4 e6
3.e5 c5
4.c3 Nb8c6
5.Ng1f3 Qd8b6
6.Nb1a3 cxd4
7.cxd4 Bf8xa3
8.bxa3 Ng8e7
9.Bc1e3 Ne7f5
10.Qd1b3 Qb6xb3
11.axb3 Nf5xe3
12.fxe3 Bc8d7
13.Bf1d3 h6
14.O-O a6
15.Ra1c1 Ke7
16.b4 Ra8c8
17.Nf3d2  { time }
1-0

[Event "Tourn. n9277"]
[Site "www.chess-mail.com"]
[Date "2017.03.28"]
[Round "1"]
[White "Grimsby"]
[Black "Lachouette"]
[WhiteElo "1390"]
[BlackElo "1360"]
[Result "0-1"]
[Round "1"]
1.c4 e5
2.Nb1c3 d6
3.d3 Nb8c6
4.g3 Bc8f5
5.Bf1g2 Qd8d7
6.Ng1f3 Nc6d4
7.O-O Nd4xf3
8.Bg2xf3 c6
 { time }
0-1

[Event "Tourn. n9282"]
[Site "www.chess-mail.com"]
[Date "2017.03.28"]
[Round "1"]
[White "Lightning"]
[Black "Gambitplayer"]
[WhiteElo "1999"]
[BlackElo "1800"]
[Result "1-0"]
[Round "1"]
1.d4 d5
2.c4 c6
3.Ng1f3 Ng8f6
4.Nb1c3 e6
5.Bc1g5 Bf8b4
6.e3 Qd8a5
7.Bg5xf6 Bb4xc3
8.bxc3 Qa5xc3
9.Nf3d2 gxf6
10.Ra1c1 Qc3a5
11.cxd5 Qa5xd5
12.Qd1g4 Kf8
13.Bf1c4  { time }
1-0

[Event "Tourn. n9224"]
[Site "www.chess-mail.com"]
[Date "2017.03.28"]
[Round "1"]
[White "Picifarkinca"]
[Black "Genius7"]
[WhiteElo "1820"]
[BlackElo "1890"]
[Result "1-0"]
[Round "1"]
1.e3 d5
2.c4 c6
3.d4 Ng8f6
4.Nb1c3 e6
5.Ng1f3 Bf8b4
6.Bc1d2 O-O
7.cxd5 exd5
8.Bf1d3 Bc8g4
9.Nc3e2 Bb4xd2
10.Nf3xd2 Bg4xe2
11.Qd1xe2 Nb8d7
12.Ra1c1 Rf8e8
13.O-O Nd7f8
14.Qe2f3 Nf8g6
15.Rf1e1 Qd8d7
16.Bd3f5 Qd7d6
17.a3 Ra8d8
18.b4 a6
19.Nd2b3 Nf6e4
20.Qf3g4  { time }
1-0

[Event "Tourn. n9223"]
[Site "www.chess-mail.com"]
[Date "2017.03.28"]
[Round "1"]
[White "Powerchess"]
[Black "Azulmarino"]
[WhiteElo "1500"]
[BlackElo "1470"]
[Result "0-1"]
[Round "1"]
1.e4 e5
2.Bf1c4 Ng8f6
3.d3 Bf8c5
4.Ng1f3 d6
5.Nb1c3 a6
6.O-O Bc8g4
7.h3 Bg4xf3
8.Qd1xf3 Nb8c6
9.Bc1g5 Nc6d4
10.Qf3d1 h6
11.Bg5xf6 Qd8xf6
12.Nc3d5 Qf6d8
13.c3 c6
14.cxd4 cxd5
15.dxc5 dxc4
16.dxc4 h5
17.cxd6 Qd8g5
18.d7 Kd8
19.Qd1d5 Rh8h6
20.Qd5xf7 Rh6g6
 { time }
0-1

[Event "Tourn. n9207"]
[Site "www.chess-mail.com"]
[Date "2017.03.28"]
[Round "1"]
[White "Winston"]
[Black "Genius9"]
[WhiteElo "1800"]
[BlackElo "1720"]
[Result "1-0"]
[Round "1"]
1.e4 e5
2.Ng1f3 Nb8c6
3.Bf1c4 Ng8f6
4.Nf3g5 d5
5.exd5 Nc6d4
6.c3 b5
7.Bc4b3 Nd4xb3
8.Qd1xb3 Qd8xd5
9.Qb3xd5 Nf6xd5
10.Nb1a3 Bf8xa3
11.bxa3 O-O
12.O-O Bc8b7
13.Ng5e4 Nd5f4
14.f3 Bb7xe4
15.fxe4 f6
16.d4 Ra8d8
17.Bc1xf4 exf4
18.Rf1xf4 c6
19.Ra1e1 Rf8e8
20.e5  { time }
1-0

[Event "Tourn. n9277"]
[Site "www.chess-mail.com"]
[Date "2017.03.28"]
[Round "1"]
[White "Lachouette"]
[Black "Griffo30"]
[WhiteElo "1360"]
[BlackElo "1499"]
[Result "0-1"]
[Round "1"]
1.e4 e6
2.d4 d5
3.exd5 exd5
4.Ng1f3 Bf8d6
5.Qd1e2 Ng8e7
6.Nf3e5 O-O
7.c3 Rf8e8
8.Bc1e3 Ne7f5
9.g4 Nf5xe3
10.fxe3 { time. }
0-1